000 00489nam a22001577a 4500
020 _a 978-0307946317
082 _a378.1662
_bGRE
_cDonation
110 _aPrinceton Review
_951362
245 _a1,007 GRE Practice Questions,
_cPrinceton Review
250 _a4th Edition.
260 _aNew York.
_bPrinceton Review
_c2014.
300 _ax;689 p.:
_c8.4 x 1.7 x 10.8 inches
500 _aGraduate School Test Preparation
526 _a0
_b1
_c0
_d378_166200000000000_GRE
942 _2ddc
_cBK
999 _c554064
_d554064